[Event "Incheon op (Women) 4th"]
[Site "Incheon"]
[Date "2013.06.30"]
[Round "1"]
[White "Sukandar, Irine Kharisma"]
[Black "Ranasinghe, SA."]
[Result "1-0"]
[WhiteElo "2364"]
[BlackElo "1872"]
[PlyCount "63"]
[EventDate "2013.06.30"]
[EventType "swiss"]
[EventRounds "7"]
[EventCountry "KOR"]
[SourceTitle "CBM 155 Extra"]
[Source "ChessBase"]
[SourceDate "2013.08.26"]
[SourceVersion "1"]
[SourceVersionDate "2013.08.26"]
[SourceQuality "1"]

1. e4 c5 2. Nf3 d6 3. d4 cxd4 4. Qxd4 a6 5. c4 Nd7 6. Nc3 e6 7. Be2 Ngf6 8. 0-0 Be7 9. Rd1 Qc7 10. h3 0-0 11. b3 Rd8 12. Bb2 b6 13. Rac1 Bb7 14. b4 Bf8 15. Qe3 Rac8 16. a3 Qb8 17. Bd3 a5 18. Nb5 Qa8 19. Re1 h6 20. Bd4 d5 21. cxd5 exd5 22. e5 Ne4 23. Nc7 Qb8 24. Nxd5 Nxf2 25. Rxc8 Qxc8 26. Rc1 Qb8 27. Bc4 b5 28. Bb3 Nd3 29. Qxd3 Bxd5 30. Bxd5 Nb6 31. Bb3 axb4 32. Qxb5 1-0

[Event "Asia zt 3.2 (Women)"]
[Site "Colombo"]
[Date "2013.02.07"]
[Round "7"]
[White "Ranasinghe, SA."]
[Black "Tharushi, THD Niklesha"]
[Result "1-0"]
[WhiteElo "1854"]
[BlackElo "1454"]
[PlyCount "83"]
[EventDate "2013.02.03"]
[EventType "swiss"]
[EventRounds "9"]
[EventCountry "SRI"]
[SourceTitle "CBM 153 Extra"]
[Source "ChessBase"]
[SourceDate "2013.04.22"]
[SourceVersion "1"]
[SourceVersionDate "2013.04.22"]
[SourceQuality "1"]

1. d4 Nf6 2. Bg5 e6 3. Nd2 b6 4. e4 d6 5. e5 h6 6. Bh4 g5 7. Bg3 dxe5 8. dxe5 Nfd7 9. h4 Bg7 10. Qf3 c6 11. Nc4 0-0 12. hxg5 Qxg5 13. Bf4 Qg6 14. Bd3 f5 15. 0-0-0 Ba6 16. Re1 Nc5 17. Bf1 Ne4 18. Qe3 Kh7 19. Nf3 Rh8 20. Ng5+ Nxg5 21. Bxg5 Kg8 22. Bf4 Nd7 23. Qf3 Rc8 24. Nd6 Bxf1 25. Nxc8 Bxg2 26. Ne7+ Kf7 27. Nxg6 Bxf3 28. Nxh8+ Bxh8 29. Rxh6 Bg7 30. Rh3 Bg4 31. Rc3 c5 32. Rd3 Nf8 33. f3 Bh5 34. Rh1 Ng6 35. Rd7+ Kg8 36. Rxh5 Nxf4 37. Rg5 Ne2+ 38. Kd2 Nd4 39. Rgxg7+ Kf8 40. Rdf7+ Ke8 41. Rxa7 Nc6 42. Rg8# 1-0

[Event "Asia zt 3.2 (Women)"]
[Site "Colombo"]
[Date "2013.02.05"]
[Round "5"]
[White "Ranasinghe, SA."]
[Black "Shamima, Akter Liza"]
[Result "0-1"]
[WhiteElo "1854"]
[BlackElo "2135"]
[PlyCount "88"]
[EventDate "2013.02.03"]
[EventType "swiss"]
[EventRounds "9"]
[EventCountry "SRI"]
[SourceTitle "CBM 153 Extra"]
[Source "ChessBase"]
[SourceDate "2013.04.22"]
[SourceVersion "1"]
[SourceVersionDate "2013.04.22"]
[SourceQuality "1"]

1. c4 e5 2. Nc3 Nc6 3. g3 g6 4. Bg2 Bg7 5. e3 d6 6. Nge2 f5 7. 0-0 Nf6 8. d4 0-0 9. a3 a5 10. Qc2 Qe8 11. Nd5 Qf7 12. Nxf6+ Qxf6 13. Bd5+ Kh8 14. dxe5 dxe5 15. Bg2 e4 16. Rb1 Ne5 17. Bd2 Qf7 18. b3 g5 19. f4 Qh5 20. Nd4 gxf4 21. Rxf4 Bd7 22. Qd1 Qg6 23. Qe2 c5 24. Nc2 Bc6 25. Bc3 Nd3 26. Bxg7+ Qxg7 27. Rh4 Ne5 28. Rf4 Rad8 29. Ne1 Kg8 30. Bh3 Nf3+ 31. Nxf3 exf3 32. Qb2 Be4 33. Qxg7+ Kxg7 34. Rb2 Rd1+ 35. Bf1 h5 36. h3 Kf6 37. g4 hxg4 38. hxg4 Rg8 39. Rh2 Rxg4+ 40. Rxg4 fxg4 41. Kf2 g3+ 42. Kxg3 Rxf1 43. Rh4 Rg1+ 44. Kh2 Rg2+ 0-1

[Event "Asia zt 3.2 (Women)"]
[Site "Colombo"]
[Date "2013.02.03"]
[Round "1"]
[White "Methmani, Nelunika"]
[Black "Ranasinghe, SA."]
[Result "1-0"]
[WhiteElo "1585"]
[BlackElo "1854"]
[PlyCount "82"]
[EventDate "2013.02.03"]
[EventType "swiss"]
[EventRounds "9"]
[EventCountry "SRI"]
[SourceTitle "CBM 153 Extra"]
[Source "ChessBase"]
[SourceDate "2013.04.22"]
[SourceVersion "1"]
[SourceVersionDate "2013.04.22"]
[SourceQuality "1"]

1. d4 Nf6 2. c4 e6 3. Nc3 c5 4. d5 d6 5. e4 Be7 6. Nf3 e5 7. Be2 0-0 8. 0-0 Ne8 9. Ne1 f5 10. f4 Bf6 11. Qc2 Qe7 12. Bd3 exf4 13. exf5 Bd4+ 14. Kh1 Nd7 15. Ne2 Ne5 16. Nxd4 cxd4 17. Bxf4 Nxd3 18. Qxd3 Rxf5 19. Nc2 Qf6 20. Qxd4 Qf8 21. Ne3 Rf7 22. Bg5 Bd7 23. Rxf7 Qxf7 24. Rf1 Qg6 25. Qf4 h6 26. Qf8+ Kh7 27. Be7 Rc8 28. Qf7 Nf6 29. Rxf6 Qxf7 30. Rxf7 Re8 31. Bf6 Kg6 32. Rxd7 gxf6 33. Nf1 Re1 34. Kg1 Rc1 35. Rxd6 Rxc4 36. Rd7 Rb4 37. d6 Rxb2 38. Rc7 Rb1 39. d7 Rd1 40. Rxb7 a5 41. Kf2 Kf5 1-0

[Event "Asia-chT (Women) 6th Tata Steel"]
[Site "Kolkata"]
[Date "2009.12.26"]
[Round "5"]
[White "Ranasinghe, SA."]
[Black "Karavade, Eesha"]
[Result "0-1"]
[WhiteElo "1839"]
[BlackElo "2413"]
[PlyCount "170"]
[EventDate "2009.12.22"]
[EventType "team-swiss"]
[EventRounds "7"]
[EventCountry "IND"]
[SourceTitle "EXT 2020"]
[Source "ChessBase"]
[SourceDate "2019.10.17"]
[SourceVersion "1"]
[SourceVersionDate "2019.10.17"]
[SourceQuality "1"]
[WhiteTeam "Sri Lanka (W)"]
[BlackTeam "India (W)"]
[WhiteTeamCountry "SRI"]
[BlackTeamCountry "IND"]

1. c4 Nf6 2. Nc3 d5 3. cxd5 Nxd5 4. g3 c5 5. Bg2 Nc7 6. Nf3 Nc6 7. d3 e5 8. b3 Be7 9. Bb2 0-0 10. Rc1 f6 11. 0-0 Bd7 12. e3 Bf5 13. Ne4 Nb4 14. Nh4 Be6 15. Nxc5 Bxc5 16. Rxc5 Nca6 17. Rc1 Nxd3 18. Rb1 Nxb2 19. Rxb2 Qb6 20. Qf3 Nc5 21. e4 a5 22. Nf5 a4 23. b4 Rfd8 24. Ne7+ Kh8 25. Nd5 Bxd5 26. exd5 Nd7 27. a3 Rac8 28. Qd1 Qb5 29. Rc2 Nb6 30. Rxc8 Rxc8 31. d6 Rd8 32. Bxb7 Nc4 33. Qd5 Qxd5 34. Bxd5 Nxa3 35. Ra1 Rxd6 36. Rxa3 Rxd5 37. Rxa4 h5 38. Ra8+ Kh7 39. Rb8 Kg6 40. b5 Kf5 41. b6 Rb5 42. b7 g5 43. Rh8 Rxb7 44. Rxh5 Rb2 45. Rh8 Ke4 46. Ra8 Rb4 47. Ra3 f5 48. Kg2 f4 49. h3 Kd4 50. gxf4 gxf4 51. Kf3 Rb1 52. Ra4+ Kd5 53. Kg2 Ke6 54. Ra3 Kf5 55. Ra4 Rb5 56. Ra8 e4 57. Rf8+ Ke5 58. h4 Rb6 59. h5 Rh6 60. Ra8 Kf5 61. Ra5+ Kg4 62. Re5 f3+ 63. Kg1 Kf4 64. Rb5 Rf6 65. Kh2 Rc6 66. Rb8 Rc5 67. Rf8+ Kg4 68. Rg8+ Kxh5 69. Re8 Rc4 70. Kg3 Kg5 71. Rg8+ Kf5 72. Rf8+ Ke5 73. Re8+ Kd4 74. Kf4 Kd3 75. Ra8 Rc2 76. Ra3+ Ke2 77. Kxe4 Rc4+ 78. Kd5 Rb4 79. Ra2+ Kf1 80. Ke5 Kg2 81. Rc2 Rb8 82. Kd4 Re8 83. Kd3 Kf1 84. Ra2 Re2 85. Ra1+ Kxf2 0-1

[Event "Asia-chT (Women) 6th Tata Steel"]
[Site "Kolkata"]
[Date "2009.12.23"]
[Round "2"]
[White "Sukandar, Irine Kharisma"]
[Black "Ranasinghe, SA."]
[Result "1-0"]
[WhiteElo "2304"]
[BlackElo "1839"]
[PlyCount "69"]
[EventDate "2009.12.22"]
[EventType "team-swiss"]
[EventRounds "7"]
[EventCountry "IND"]
[SourceTitle "EXT 2020"]
[Source "ChessBase"]
[SourceDate "2019.10.17"]
[SourceVersion "1"]
[SourceVersionDate "2019.10.17"]
[SourceQuality "1"]
[WhiteTeam "Indonesia (W)"]
[BlackTeam "Sri Lanka (W)"]
[WhiteTeamCountry "INA"]
[BlackTeamCountry "SRI"]

1. e4 c5 2. Nf3 Nc6 3. d4 cxd4 4. Nxd4 Nf6 5. Nc3 a6 6. Bc4 e5 7. Nf5 d6 8. Ne3 Nd4 9. Ned5 b5 10. Bb3 Bb7 11. Be3 Nxb3 12. axb3 Nxd5 13. Nxd5 Rc8 14. 0-0 Be7 15. Qd3 0-0 16. c3 Kh8 17. Rfd1 Bg5 18. Bb6 Qd7 19. Qg3 Bd8 20. Bxd8 Qxd8 21. Ne3 Qf6 22. Qg4 Rfd8 23. Rd2 Rc6 24. Rad1 Bc8 25. Qg3 a5 26. Rd5 Rb6 27. R5d2 Be6 28. Nd5 Bxd5 29. Rxd5 Rc8 30. Qd3 Rcc6 31. Rxb5 h6 32. Qd5 Kh7 33. Rxa5 Rc5 34. Rxc5 dxc5 35. h3 1-0

[Event "Asia-chT (Women) 6th Tata Steel"]
[Site "Kolkata"]
[Date "2009.12.22"]
[Round "1"]
[White "Ranasinghe, SA."]
[Black "Pourkashiyan, Atousa"]
[Result "0-1"]
[WhiteElo "1839"]
[BlackElo "2306"]
[PlyCount "64"]
[EventDate "2009.12.22"]
[EventType "team-swiss"]
[EventRounds "7"]
[EventCountry "IND"]
[SourceTitle "EXT 2020"]
[Source "ChessBase"]
[SourceDate "2019.10.17"]
[SourceVersion "1"]
[SourceVersionDate "2019.10.17"]
[SourceQuality "1"]
[WhiteTeam "Sri Lanka (W)"]
[BlackTeam "Iran (W)"]
[WhiteTeamCountry "SRI"]
[BlackTeamCountry "IRI"]

1. c4 e6 2. Nc3 d5 3. Nf3 Nf6 4. e3 Be7 5. d4 0-0 6. b3 b6 7. Bd3 Bb7 8. 0-0 Nbd7 9. Bb2 c5 10. Re1 Rc8 11. cxd5 exd5 12. e4 dxe4 13. Nxe4 Nxe4 14. Bxe4 Bxe4 15. Rxe4 Nf6 16. Re2 c4 17. Rc1 b5 18. bxc4 Rxc4 19. Rxc4 bxc4 20. Qa4 Qc7 21. Rc2 Rb8 22. h3 Rb4 23. Qa6 Nd5 24. Ne5 c3 25. Nd3 Rb6 26. Qa4 cxb2 27. Rxc7 b1Q+ 28. Rc1 Qxd3 29. Qd7 Rb1 30. Rxb1 Qxb1+ 31. Kh2 Qb8+ 32. g3 Qa8 0-1

[Event "Asia zt 3.2 (Women)"]
[Site "New Delhi"]
[Date "2009.08.15"]
[Round "7"]
[White "Ranasinghe, SA."]
[Black "Sultana, Sharmin Shirin"]
[Result "1-0"]
[WhiteElo "1852"]
[BlackElo "1974"]
[PlyCount "105"]
[EventDate "2009.08.09"]
[EventType "tourn"]
[EventRounds "7"]
[EventCountry "IND"]
[SourceTitle "CBM 131 Extra"]
[Source "ChessBase"]
[SourceDate "2009.09.03"]
[SourceVersion "2"]
[SourceVersionDate "2009.09.16"]
[SourceQuality "1"]

1. c4 e6 2. d4 d5 3. g3 c6 4. Nf3 Nf6 5. Bg2 Be7 6. 0-0 0-0 7. b3 b6 8. Bb2 Bb7 9. Nbd2 Nbd7 10. Ne5 Re8 11. Rc1 c5 12. dxc5 bxc5 13. cxd5 exd5 14. Rc2 Qb6 15. e3 Nxe5 16. Bxe5 Qe6 17. Bb2 Red8 18. Re1 h6 19. Qa1 Qf5 20. Rcc1 Rd6 21. Qb1 Qxb1 22. Rxb1 Ne4 23. Red1 Rad8 24. Rbc1 f5 25. Ba3 Ra6 26. Nxe4 dxe4 27. Rxd8+ Bxd8 28. Bxc5 Rxa2 29. Bh3 g6 30. Bf1 Ba6 31. Rd1 Bc7 32. b4 Bxf1 33. Kxf1 Rb2 34. Rd7 Bb6 35. Rd6 Bxc5 36. bxc5 a5 37. Rxg6+ Kf7 38. Rxh6 Ra2 39. Rh7+ Ke6 40. Ra7 a4 41. c6 Ra1+ 42. Kg2 a3 43. c7 Kd7 44. h4 a2 45. h5 Rc1 46. Rxa2 Rxc7 47. Ra6 Ke7 48. Rg6 Kf7 49. g4 Rc5 50. Rg5 Kf6 51. Rxf5+ Rxf5 52. gxf5 Kxf5 53. Kg3 1-0

[Event "Asia zt 3.2 (Women)"]
[Site "New Delhi"]
[Date "2009.08.14"]
[Round "6"]
[White "Swati, Ghate"]
[Black "Ranasinghe, SA."]
[Result "1-0"]
[WhiteElo "2344"]
[BlackElo "1852"]
[PlyCount "65"]
[EventDate "2009.08.09"]
[EventType "tourn"]
[EventRounds "7"]
[EventCountry "IND"]
[SourceTitle "CBM 131 Extra"]
[Source "ChessBase"]
[SourceDate "2009.09.03"]
[SourceVersion "2"]
[SourceVersionDate "2009.09.16"]
[SourceQuality "1"]

1. e4 c5 2. Nf3 Nc6 3. Nc3 a6 4. d4 cxd4 5. Nxd4 Nf6 6. Nxc6 bxc6 7. e5 Nd5 8. Nxd5 cxd5 9. Qxd5 Rb8 10. Bc4 e6 11. Qd4 d5 12. exd6 Qxd6 13. Qxd6 Bxd6 14. Bb3 0-0 15. Be3 Bb7 16. 0-0-0 Be5 17. f3 Bc6 18. Bd2 Rfc8 19. Kb1 Bd5 20. h3 Rc5 21. Rhe1 Bf6 22. Bf4 Bxb3 23. axb3 Rbc8 24. Re2 a5 25. Rd7 g5 26. Bg3 Kg7 27. Bf2 R5c6 28. Ra7 Rd6 29. Rxa5 Rd1+ 30. Ka2 Rc1 31. c3 Bd8 32. Ra7 Be7 33. Rxe7 1-0

[Event "Commonwealth-ch"]
[Site "Nagpur"]
[Date "2008.09.30"]
[Round "3"]
[White "Raghavi, Nagarajan"]
[Black "Ranasinghe, SA."]
[Result "1-0"]
[WhiteElo "2064"]
[BlackElo "1796"]
[PlyCount "63"]
[EventDate "2008.09.28"]
[EventType "swiss"]
[EventRounds "11"]
[EventCountry "IND"]
[SourceTitle "CBM 126 Extra"]
[Source "ChessBase"]
[SourceDate "2008.11.05"]
[SourceVersion "1"]
[SourceVersionDate "2008.11.05"]
[SourceQuality "1"]

1. e4 c5 2. Nf3 Nc6 3. d4 cxd4 4. Nxd4 a6 5. c4 Nf6 6. Nc3 g6 7. Be2 Bg7 8. Be3 d6 9. 0-0 0-0 10. Kh1 Bd7 11. Rc1 Nxd4 12. Bxd4 Bc6 13. f3 Nd7 14. Be3 b5 15. cxb5 Bxb5 16. Nxb5 axb5 17. Qb3 b4 18. Bb5 Ra5 19. a4 bxa3 20. bxa3 Qb8 21. a4 Ne5 22. Rc2 Rc8 23. Rfc1 Rxc2 24. Qxc2 Ra8 25. h3 Qd8 26. Qc7 f5 27. Qxd8+ Rxd8 28. a5 fxe4 29. fxe4 Kf7 30. a6 Ke6 31. a7 Ra8 32. Ba6 1-0

[Event "Commonwealth-ch"]
[Site "Nagpur"]
[Date "2008.09.29"]
[Round "2"]
[White "Barua, Dibyendu"]
[Black "Ranasinghe, SA."]
[Result "1-0"]
[WhiteElo "2497"]
[BlackElo "1796"]
[PlyCount "55"]
[EventDate "2008.09.28"]
[EventType "swiss"]
[EventRounds "11"]
[EventCountry "IND"]
[SourceTitle "CBM 126 Extra"]
[Source "ChessBase"]
[SourceDate "2008.11.05"]
[SourceVersion "1"]
[SourceVersionDate "2008.11.05"]
[SourceQuality "1"]

1. e4 c5 2. Nf3 Nc6 3. d4 cxd4 4. Nxd4 a6 5. c4 Nf6 6. Nc3 g6 7. Be2 Bg7 8. Be3 d6 9. 0-0 0-0 10. Rc1 Ne8 11. Nd5 Rb8 12. b3 Nc7 13. Nc2 e6 14. Nb6 Ne7 15. Qd2 Ne8 16. c5 Nc6 17. Rfd1 f5 18. exf5 exf5 19. cxd6 Be6 20. d7 Nf6 21. Qd6 Bf7 22. Bf3 Ne4 23. Bxe4 fxe4 24. Nb4 Be5 25. Nxc6 Bxd6 26. Nxd8 Bxh2+ 27. Kxh2 Rbxd8 28. Bg5 1-0

[Event "Commonwealth-ch"]
[Site "Nagpur"]
[Date "2008.09.28"]
[Round "1"]
[White "Ranasinghe, SA."]
[Black "Grover, Sahaj"]
[Result "1/2-1/2"]
[WhiteElo "1796"]
[BlackElo "2306"]
[PlyCount "105"]
[EventDate "2008.09.28"]
[EventType "swiss"]
[EventRounds "11"]
[EventCountry "IND"]
[SourceTitle "CBM 126 Extra"]
[Source "ChessBase"]
[SourceDate "2008.11.05"]
[SourceVersion "1"]
[SourceVersionDate "2008.11.05"]
[SourceQuality "1"]

1. c4 e6 2. Nf3 d5 3. d4 Nf6 4. Bg5 Be7 5. e3 0-0 6. Nc3 h6 7. Bh4 b6 8. cxd5 Nxd5 9. Bxe7 Qxe7 10. Nxd5 exd5 11. Bd3 Be6 12. Ne5 c5 13. 0-0 Nd7 14. Nxd7 Qxd7 15. dxc5 bxc5 16. b3 a5 17. Qe2 Rab8 18. Rfc1 Rfc8 19. Rab1 Rb4 20. Qe1 Qa7 21. Be2 a4 22. Bd1 axb3 23. axb3 Qb6 24. Ra1 h5 25. h3 h4 26. Qe2 c4 27. bxc4 dxc4 28. Qh5 c3 29. Bc2 f6 30. Qh7+ Kf8 31. Qh8+ Kf7 32. Qh5+ Ke7 33. Qg6 Kf8 34. Bd3 Bf7 35. Qh7 Bg8 36. Qg6 Qc7 37. Ra3 Rb3 38. Ra4 Qf7 39. Qg4 Qc7 40. Bc2 Rb5 41. Qxh4 Rg5 42. Qb4+ Qc5 43. Qxc5+ Rgxc5 44. Bd3 Rd5 45. Rc4 Rcd8 46. Rd4 Rxd4 47. exd4 Rc8 48. Kf1 Ke7 49. Ke2 Kd6 50. Ke3 Re8+ 51. Kf4 Rc8 52. Be4 Bd5 53. f3 1/2-1/2